00545 2200205 4500001002100000005001500021035002000036007000300056008004100059020002200100082001100122084001700133100002300150245003000173260004300203300003300246650001400279650002600293990002000319INLIS00000000000307320260604070625 a0010-0626000024ta260604 f 0 ind  a978-623-523-698-8 a155.25 a155.25 HID m0 aHidayat, Komarudin1 aMengapa Takut Kehilangan? aJakarta :bPenerbit Buku Kompas,c2025 axx + 178 hlm. ;c15 x 23 cm. 4aPsikologi 4aPengembangan Karakter a20260615.05.003